000 03841cam a2200325 4500500
005 20260111120528.0
041 _afre
042 _adc
100 1 0 _aPelletier, Marie-Eve
_eauthor
700 1 0 _aTétreault, Sylvie
_eauthor
700 1 0 _aTurcotte, Daniel
_eauthor
700 1 0 _aFerland, Francine
_eauthor
245 0 0 _aLa préparation scolaire des enfants issus de familles ayant un faible revenu : Exploration de pistes d'action
260 _c2007.
500 _a71
520 _aRésuméLors de l’entrée à l’école, étape significative pour l’intégration de l’enfant dans la société, le degré de développement d’habiletés préalables constitue un élément prédictif du succès scolaire futur. Or, certains enfants, issus de familles à faible revenu1, ne maîtrisent pas suffisamment ces préalables et sont plus à risque d’éprouver des troubles d’apprentissage. De même, il arrive que le contexte de précarité économique affecte leur jeu et leurs interactions avec leurs parents, deux déterminants majeurs de la préparation scolaire. Afin d’identifier des pistes d’action prometteuses pour favoriser la préparation scolaire chez ces enfants, ce texte définit d’abord la notion de préalable scolaire et propose une catégorisation des habiletés sollicitées lors de l’entrée à l’école. Par la suite, sept programmes d’intervention préscolaires sont présentés et analysés. L’intérêt de l’implication de l’ergothérapeute dans de tels programmes est abordé. Ce professionnel possède les compétences nécessaires pour encourager des interactions parent-enfant positives et promouvoir le jeu dans le quotidien des familles ; il pourrait donc offrir une approche d’intervention se distinguant de celle des autres acteurs impliqués dans les programmes qui visent le développement des préalables scolaires.
520 _aSchool preparation of children from low-income families : Exploration of intervention strategiesSchool beginning is a very important step for the integration of a child in the society. As they enter on school, the extent to which children had acquired some prerequisite skills represents a predictive element of their school success in the years to come. Some children from lowincome families show more difficulties regarding the learning of kindergarten critical skills. They are more at risk of having learning disorders. Sometimes, child’s play and parent-child interactions, which are both key-elements of school preparation, are altered by the context of economic precariousness. In order to identify promising intervention strategies to facilitate school preparation for those children, this text starts by defining the notion of school prerequisite skill and by suggesting a categorization for kindergarten critical skills. In addition, seven preschool intervention programs are described and analysed. Pertinence of occupational therapist’s role in such programs is discussed. This professional can foster positive parent-child interactions and promote play in families’ daily living; thus, he could offer a different intervention approach than other actors implicated in preschool programs.
690 _aergothérapie
690 _afamilles ayant un faible revenu
690 _ainteractions ludiques
690 _apréalables scolaires
690 _aprogrammes d'intervention
690 _aintervention programs
690 _alow-income families
690 _aoccupational therapy
690 _aplay interactions
690 _aschool prerequisite skills
786 0 _nRevue internationale de l'éducation familiale | 20 | 2 | 2007-03-01 | p. 109-146 | 1279-7766
856 4 1 _uhttps://shs.cairn.info/revue-la-revue-internationale-de-l-education-familiale-2006-2-page-109?lang=fr&redirect-ssocas=7080
999 _c1634026
_d1634026